00000000nam 2200000zi 4500
0019.872681
003CaOODSP
00520241203113648
006m     o  d f      
007cr bn|||||||||
008190508s1998    onc     ob   f000 0 eng d
040 |aCaOODSP|beng|erda|cCaOODSP
043 |an-cn---
0861 |aEn13-5/98-131E-PDF
1001 |aPiggott, Andrew R. |eauthor.|q(Andrew Robert)
24510|aPublicly accessible software for groundwater modelling and analysis / |cby A.R. Piggott.
264 1|a[Ottawa] : |bEnvironment Canada, Water Science and Technology Directorate = Environnement Canada, Direction générale des sciences et de la technologie, eau, |c[1998]
300 |a1 online resource (1 unnumbered page, 13 pages).
336 |atext|btxt|2rdacontent
337 |acomputer|bc|2rdamedia
338 |aonline resource|bcr|2rdacarrier
4901 |aNWRI contribution ; |v98-131
500 |aCover title.
500 |a"Citation: Invited submission to the journal Computers and Geosciences."
500 |aDigitized edition from print [produced by Environment and Climate Change Canada].
504 |aIncludes bibliographical references.
5203 |a"Practitioners of hydrogeology and groundwater engineering have access to a range of topical software that may be freely used, modified, and redistributed. Many of these software may be obtained at no cost using the Internet implementing publicly accessible software achieves software reuse and rapid prototyping, may reduce the cost of software acquisition and development, and provides authors with increased flexibility in the distribution of their products. Software that are useful within groundwater studies include operating systems, editors, language compilers, models, and components such as mathematical subroutines and routines for discretization and plotting and visualization. Public distribution of software may achieve personal and corporate objectives and should be undertaken with due regard for issues such as the potential impact on subsequent commercial deployment of the software"--Abstract, page 1.
69207|2gccst|aGroundwater
69207|2gccst|aModelling
69207|2gccst|aSoftware
7101 |aCanada. |bEnvironment Canada.
7101 |aCanada. |bWater Science and Technology Directorate.
7102 |aNational Water Research Institute (Canada)
830#0|aNWRI contribution ;|v98-131.|w(CaOODSP)9.844121
85640|qPDF|s988 KB|uhttps://publications.gc.ca/collections/collection_2019/eccc/en13-5/En13-5-98-131-eng.pdf